Stav malého a stredného podnikania 1997

Guardado en:
Detalles Bibliográficos
Formato: Libro
Lenguaje:eslovaco
Publicado: Bratislava NARMSP 1998
Materias:
Etiquetas: Agregar Etiqueta
Sin Etiquetas, Sea el primero en etiquetar este registro!

MARC

LEADER 00000nam a2200000 4500
001 c104620
005 20221109094456.9
020 |a 80-967788-6-2 
041 0 |a slo 
044 |a SK 
245 1 0 |a Stav malého a stredného podnikania 1997 
264 1 |a Bratislava  |b NARMSP  |c 1998 
300 |a 113 s. 
610 2 0 |a podnik malý 
610 2 0 |a podnik stredný 
610 2 0 |a legislatíva 
610 2 0 |a podpora podnikania 
610 2 0 |a ministerstvá 
610 2 0 |a agentúry 
610 2 0 |a vzdelávanie 
610 2 0 |a programy rozvojové 
610 2 0 |a zdroje finančné 
610 2 0 |a úver 
610 2 0 |a pôžičky 
610 2 0 |a spolupráca hospodárska medzinárodná 
610 2 0 |a PHARE 
610 2 0 |a Holandsko 
610 2 0 |a Nemecko 
610 2 0 |a 1997